000 00502ngm a2200193 i 4500
001 C2-0313041
003 PPAK
005 20180727220921.0
008 111031s2008 xxu|||| ||||| | vleng d
040 _aPPAK
_beng
_cPPAK
_erda
245 1 4 _aThe Guardian
264 1 _aUnited States :
_bTouchstone Pictures ,
_c2008
336 _2rdacontent
_atext
337 _2rdamedia
_aunmediated
338 _2rdacarrier
_avolume
700 _eauthor
700 1 _aDavis, Andrew,
_ecompile
942 _2ddc
_cDVD
999 _c166725
_d166725